[Event "Quebec-ch Intercoll"]
[Site "Montreal"]
[Date "1992.04.17"]
[Round "2"]
[White "Pitre, Francois"]
[Black "Martin, Jocelyn"]
[Result "1-0"]
[WhiteElo "1804"]
[BlackElo "1416"]
[PlyCount "99"]
[EventDate "1992.04.17"]
[EventType "swiss"]
[EventRounds "6"]
[EventCountry "CAN"]
[SourceTitle "EXT 2022"]
[Source "ChessBase"]
[SourceDate "2021.10.06"]
[SourceVersion "1"]
[SourceVersionDate "2021.10.06"]
[SourceQuality "1"]

1. d4 Nf6 2. e3 b6 3. Nf3 Bb7 4. c4 e6 5. Bd3 c5 6. 0-0 Be7 7. Nc3 d5 8. cxd5 Nxd5 9. Bb5+ Nd7 10. Ne5 N5f6 11. dxc5 Bxc5 12. Bxd7+ Nxd7 13. Qa4 Qc7 14. Rd1 Bc8 15. Nc4 0-0 16. Nb5 Qc6 17. Nc3 Qxa4 18. Nxa4 Be7 19. Nc3 Nf6 20. b3 Bb7 21. Nb5 Nd5 22. Bb2 Rfd8 23. Nd4 Bf6 24. Rac1 Rac8 25. Ba3 Be7 26. Bxe7 Nxe7 27. Nb5 Nc6 28. Ncd6 Rb8 29. Nxb7 Rxd1+ 30. Rxd1 Rxb7 31. Rd6 Kf8 32. Rxc6 Rd7 33. Rc8+ Ke7 34. Rc7 Rxc7 35. Nxc7 Kd7 36. Nb5 a6 37. Nc3 Kc6 38. Kf1 Kc5 39. Ke2 Kb4 40. Kd3 Ka3 41. Kc4 b5+ 42. Nxb5+ axb5+ 43. Kxb5 Kxa2 44. Kc4 Ka3 45. b4 Ka4 46. Kc5 e5 47. b5 Ka5 48. b6 Ka6 49. Kc6 f5 50. b7 1-0

[Event "Quebec-ch Intercoll"]
[Site "Montreal"]
[Date "1991.03.29"]
[Round "1"]
[White "Bilodeau, Eric"]
[Black "Martin, Jocelyn"]
[Result "1-0"]
[WhiteElo "1742"]
[BlackElo "1502"]
[PlyCount "123"]
[EventDate "1991.03.29"]
[EventType "swiss"]
[EventRounds "6"]
[EventCountry "CAN"]
[SourceTitle "EXT 2022"]
[Source "ChessBase"]
[SourceDate "2021.10.06"]
[SourceVersion "1"]
[SourceVersionDate "2021.10.06"]
[SourceQuality "1"]

1. e4 c5 2. Nf3 d6 3. d4 cxd4 4. Nxd4 Nf6 5. Nc3 a6 6. Bg5 e5 7. Nb3 Be7 8. Qd2 Nbd7 9. Be2 b5 10. f3 0-0 11. g4 Bb7 12. Bxf6 Nxf6 13. g5 Nh5 14. Rg1 Nf4 15. h4 Qd7 16. Nc5 Qc7 17. Nxb7 Qxb7 18. 0-0-0 Rac8 19. Nd5 Nxe2+ 20. Qxe2 Rc6 21. f4 Rfc8 22. Rd2 Bf8 23. f5 b4 24. b3 a5 25. g6 fxg6 26. Rxg6 hxg6 27. fxg6 Qa7 28. Ne3 Rxc2+ 29. Rxc2 Rxc2+ 30. Kxc2 Qd4 31. Qc4+ Qxc4+ 32. Nxc4 Be7 33. Nxa5 Bxh4 34. Kd2 Bf2 35. Nc6 Bc5 36. Kd3 Kf8 37. Kc4 Ke8 38. Nxb4 Ke7 39. Nd5+ Kd7 40. b4 Bf2 41. Kb5 Ke6 42. Ka6 Kd7 43. Kb7 Ke6 44. a4 Be1 45. a5 Kd7 46. a6 Bf2 47. Nb6+ Bxb6 48. Kxb6 d5 49. a7 d4 50. a8Q Ke6 51. Qd5+ Kf6 52. Qd6+ Kg5 53. Qxe5+ Kh6 54. Kc6 Kxg6 55. Qxd4 Kf7 56. Qxg7+ Ke6 57. Qg6+ Ke7 58. b5 Kd8 59. b6 Ke7 60. b7 Kd8 61. b8Q+ Ke7 62. Qc7+ 1-0